[Event "FICGS rapid E 000097 email"]
[Site "FICGS email"]
[Date "2013.02.20"]
[Round "1"]
[White "Dsouza, Stanislaus"]
[Black "Zeckarias, Simon"]
[Result "1-0"]
[WhiteElo "580"]
[BlackElo "951"]
[PlyCount "43"]
[EventDate "2013.??.??"]
[EventType "tourn (rapid)"]
[EventRounds "6"]
[SourceTitle "Corr 2022"]
[Source "ChessBase"]
[SourceDate "2021.10.24"]
[SourceVersion "1"]
[SourceVersionDate "2021.10.24"]
[SourceQuality "1"]

1. e4 e5 2. Nf3 Nf6 3. Nxe5 Bd6 4. Nf3 0-0 5. e5 Re8 6. d4 Bb4+ 7. c3 Ba5 8. Bd3 Nc6 9. 0-0 Ng4 10. Bxh7+ Kxh7 11. Ng5+ Kg8 12. Qxg4 d6 13. Qh5 Bf5 14. Qxf7+ Kh8 15. Nd2 dxe5 16. Qxf5 exd4 17. cxd4 Kg8 18. Qf7+ Kh8 19. Qh5+ Kg8 20. Qh7+ Kf8 21. Qh8+ Ke7 22. Qxg7+ 1-0

[Event "FICGS rapid E 000097 email"]
[Site "FICGS email"]
[Date "2013.02.20"]
[Round "1"]
[White "Zeckarias, Simon"]
[Black "Cavaille, Cedric"]
[Result "0-1"]
[WhiteElo "951"]
[BlackElo "998"]
[PlyCount "50"]
[EventDate "2013.??.??"]
[EventType "tourn (rapid)"]
[EventRounds "6"]
[SourceTitle "Corr 2022"]
[Source "ChessBase"]
[SourceDate "2021.10.24"]
[SourceVersion "1"]
[SourceVersionDate "2021.10.24"]
[SourceQuality "1"]

1. c4 c5 2. Nc3 d6 3. e3 Nf6 4. d4 cxd4 5. exd4 a6 6. Nf3 e6 7. d5 Qb6 8. Qa4+ Bd7 9. Qa3 Ng4 10. Be3 Nxe3 11. fxe3 Qxe3+ 12. Be2 Qc5 13. Qxc5 dxc5 14. dxe6 Bxe6 15. Ne5 Be7 16. 0-0 Bf6 17. Ng4 Bxc3 18. bxc3 Nd7 19. Rae1 Nb6 20. Ne5 0-0 21. Bh5 Bxc4 22. Nxc4 Nxc4 23. Re4 Nd2 24. Bxf7+ Rxf7 25. Rxf7 Kxf7 0-1

[Event "FICGS class F 000124 email"]
[Site "FICGS email"]
[Date "2013.02.13"]
[Round "1"]
[White "Bromo, Alexis"]
[Black "Zeckarias, Simon"]
[Result "1-0"]
[WhiteElo "1182"]
[BlackElo "951"]
[PlyCount "29"]
[EventDate "2013.??.??"]
[EventType "tourn (corr)"]
[EventRounds "5"]
[SourceTitle "Corr 2022"]
[Source "ChessBase"]
[SourceDate "2021.10.24"]
[SourceVersion "1"]
[SourceVersionDate "2021.10.24"]
[SourceQuality "1"]

1. d4 f5 2. c4 e6 3. Nc3 Bb4 4. Bd2 Bxc3 5. Bxc3 Nf6 6. Nf3 d5 7. c5 Nc6 8. b4 Ne4 9. Bd2 0-0 10. Qc2 b6 11. cxb6 axb6 12. Qxc6 Ba6 13. Qxe6+ Kh8 14. Ne5 Ng5 15. Bxg5 1-0

[Event "FICGS class F 000094 email"]
[Site "FICGS email"]
[Date "2011.03.10"]
[Round "1"]
[White "Cavaille, Cedric"]
[Black "Zeckarias, Simon"]
[Result "0-1"]
[WhiteElo "969"]
[BlackElo "1132"]
[PlyCount "58"]
[EventDate "2011.??.??"]
[EventType "tourn (corr)"]
[EventRounds "6"]
[SourceTitle "Corr 2013"]
[Source "ChessBase"]
[SourceDate "2012.11.12"]
[SourceVersion "1"]
[SourceVersionDate "2012.11.12"]
[SourceQuality "1"]

1. e4 e5 2. Nf3 Nc6 3. Bc4 Nf6 4. Nc3 Bc5 5. d4 exd4 6. Nd5 Nxe4 7. 0-0 h5 8. Bf4 d6 9. Re1 Bf5 10. a3 d3 11. b4 Bxf2+ 12. Kf1 Bxe1 13. Nxe1 d2 14. Nf3 0-0 15. Nxd2 Nxd2+ 16. Qxd2 Ne7 17. Nxe7+ Qxe7 18. Bd3 Bxd3+ 19. Qxd3 g5 20. Be3 c5 21. bxc5 dxc5 22. c4 Rad8 23. Qe2 Rfe8 24. Re1 g4 25. h3 gxh3 26. gxh3 Qh4 27. Qg2+ Kf8 28. Rb1 Rxe3 29. Rxb7 Qe1# 0-1

[Event "FICGS class E 000129 email"]
[Site "FICGS email"]
[Date "2010.09.15"]
[Round "1"]
[White "Marques, Joao Paulo Cassemir"]
[Black "Zeckarias, Simon"]
[Result "1-0"]
[WhiteElo "1285"]
[BlackElo "1400"]
[PlyCount "37"]
[EventDate "2010.??.??"]
[EventType "tourn (corr)"]
[EventRounds "6"]
[SourceTitle "Corr 2013"]
[Source "ChessBase"]
[SourceDate "2012.11.12"]
[SourceVersion "1"]
[SourceVersionDate "2012.11.12"]
[SourceQuality "1"]

1. e4 e5 2. Nf3 Nc6 3. Bb5 Nd4 4. Nxd4 exd4 5. 0-0 c6 6. Ba4 d5 7. d3 dxe4 8. dxe4 Nf6 9. Re1 Bg4 10. Qd3 Bc5 11. e5 Nd5 12. c3 0-0 13. cxd4 Bb4 14. Bd2 f6 15. exf6 Bxd2 16. Nxd2 Re8 17. fxg7 Kxg7 18. Qg3 Nf6 19. h3 1-0